000 00509nmm a2200157Ia 4500
008 251105s9999||||xx |||||||||||||||||und||
020 _a9789587383201
041 _aspa
100 _aVillamizar, Juan Carlos
245 0 _aPensamiento económico en Colombia : Construcción de un saber, 1948-1970
264 _a[Bogotá, Colombia] :
_bUniversidad del Rosario,
_c2013
300 _a382 páginas
650 _aEconomics and Business
856 _uhttps://public.digitaliapublishing.com/a/46360
942 _cCF
999 _c95746
_d95746